Detalles MARC
| 000 -CABECERA |
| campo de control de longitud fija |
01223nam a22003497a 4500 |
| 001 - NÚMERO DE CONTROL |
| campo de control |
106537 |
| 003 - IDENTIFICADOR DEL NÚMERO DE CONTROL |
| campo de control |
AR-TrUNPB |
| 005 - FECHA Y HORA DE LA ÚLTIMA TRANSACCIÓN |
| campo de control |
20251107172056.0 |
| 007 - CAMPO FIJO DE DESCRIPCIÓN FÍSICA--INFORMACIÓN GENERAL |
| campo de control de longitud fija |
ta |
| 008 - DATOS DE LONGITUD FIJA--INFORMACIÓN GENERAL |
| campo de control de longitud fija |
231026s1977 ag 000 1 spa d |
| 020 ## - NÚMERO INTERNACIONAL ESTÁNDAR DEL LIBRO |
| Número Internacional Estándar del Libro |
8402052916 |
| 040 ## - FUENTE DE LA CATALOGACIÓN |
| Centro catalogador/agencia de origen |
AR-TrUNPB |
| Normas de descripción |
aacr |
| 041 1# - CÓDIGO DE LENGUA |
| Código de lengua del texto/banda sonora o título independiente |
spa |
| Código de lengua original |
eng |
| 082 0# - NÚMERO DE LA CLASIFICACIÓN DECIMAL DEWEY |
| Número de edición |
19 |
| Número de clasificación |
813.1 |
| 100 1# - ENTRADA PRINCIPAL--NOMBRE DE PERSONA |
| Nombre de persona |
Lovecraft, H. P. |
| 9 (RLIN) |
8948 |
| Fechas asociadas al nombre |
1890-1937 |
| Forma completa/desarrollada del nombre |
(Howard Phillips), |
| 245 13 - MENCIÓN DE TÍTULO |
| Título |
La sombra sobre Innsmouth / |
| Mención de responsabilidad, etc. |
H. P. Lovecraft. |
| 250 ## - MENCIÓN DE EDICIÓN |
| Mención de edición |
1a ed. |
| 260 ## - PUBLICACIÓN, DISTRIBUCIÓN, ETC. (PIE DE IMPRENTA) |
| Lugar de publicación, distribución, etc. |
Barcelona : |
| Nombre del editor, distribuidor, etc. |
Bruguera, |
| Fecha de publicación, distribución, etc. |
1977. |
| 300 ## - DESCRIPCIÓN FÍSICA |
| Extensión |
219 p. |
| 490 0# - MENCIÓN DE SERIE |
| Mención de serie |
Libro amigo ; |
| Designación de volumen o secuencia |
527. |
| 500 ## - NOTA GENERAL |
| Nota general |
Título original: The lurking fear. |
| 505 0# - NOTA DE CONTENIDO CON FORMATO |
| Nota de contenido con formato |
El horror oculto -- Dagón -- Más allá del muro de los sueños -- La nave blanca -- Arthur Jermyn -- Desde el más alla -- El templo --El pantano de la diosa luna -- El sabueso -- Lo innominable -- El intruso -- La sombra sobre Innsmouth. |
| 650 #7 - PUNTO DE ACCESO ADICIONAL DE MATERIA--TÉRMINO DE MATERIA |
| 9 (RLIN) |
4285 |
| Término de materia o nombre geográfico como elemento inicial |
LITERATURA |
| 650 #4 - PUNTO DE ACCESO ADICIONAL DE MATERIA--TÉRMINO DE MATERIA |
| Fuente del encabezamiento o término |
TELL |
| 9 (RLIN) |
54 |
| Término de materia o nombre geográfico como elemento inicial |
LITERATURA NORTEAMERICANA |
| 650 #4 - PUNTO DE ACCESO ADICIONAL DE MATERIA--TÉRMINO DE MATERIA |
| 9 (RLIN) |
4 |
| Término de materia o nombre geográfico como elemento inicial |
CUENTOS |
| 650 #4 - PUNTO DE ACCESO ADICIONAL DE MATERIA--TÉRMINO DE MATERIA |
| 9 (RLIN) |
9047 |
| Término de materia o nombre geográfico como elemento inicial |
CUENTOS DE TERROR |
| 650 #4 - PUNTO DE ACCESO ADICIONAL DE MATERIA--TÉRMINO DE MATERIA |
| 9 (RLIN) |
103 |
| Término de materia o nombre geográfico como elemento inicial |
CUENTOS DE SUSPENSO |
| 650 #7 - PUNTO DE ACCESO ADICIONAL DE MATERIA--TÉRMINO DE MATERIA |
| 9 (RLIN) |
4747 |
| Término de materia o nombre geográfico como elemento inicial |
OCIO |
| 700 1# - PUNTO DE ACCESO ADICIONAL--NOMBRE DE PERSONA |
| 9 (RLIN) |
23979 |
| Nombre de persona |
Segur, María Teresa |
| Término indicativo de función/relación |
tr. |
| 910 ## - Autoría del registro |
| Catalogador/fecha |
lj20251107 |
| Indizador/fecha |
lj20251107 |
| Corrección o Modificación/fecha |
lj20251107 |
| 942 ## - ELEMENTOS DE PUNTO DE ACCESO ADICIONAL (KOHA) |
| Tipo de ítem Koha |
Lectura Recreativa |
| Fuente del sistema de clasificación o colocación |
Dewey Decimal Classification |